Study on situation of land transaction in sangat chaom chau, khan dongkor, phnom penh , ការសិក្សាពីស្ថានភាពការផ្ទេរអចលនវត្ថុ នៅសង្កាត់ចោមចៅ ខណ្ឌដង្កោ រាជធានីភ្នំពេញ (Record no. 5544)

000 -LEADER
fixed length control field 00702nam a22001337a 4500
040 ## - CATALOGING SOURCE
Transcribing agency RUA
082 ## - DEWEY DECIMAL CLASSIFICATION NUMBER
Classification number LMA VON 2010 B302 Or.1
100 ## - MAIN ENTRY--AUTHOR NAME
Personal name VONG SOMONY ; វង្ស សុមន្នី
245 ## - TITLE STATEMENT
Title Study on situation of land transaction in sangat chaom chau, khan dongkor, phnom penh , ការសិក្សាពីស្ថានភាពការផ្ទេរអចលនវត្ថុ នៅសង្កាត់ចោមចៅ ខណ្ឌដង្កោ រាជធានីភ្នំពេញ
260 ## - PUBLICATION, DISTRIBUTION, ETC. (IMPRINT)
Place of publication Phnom Penh
Name of publisher RUA
Year of publication 2010
300 ## - PHYSICAL DESCRIPTION
Number of Pages ix ;50p.
Other physical details ill.
Dimensions 29cm.
856 ## - ELECTRONIC LOCATION AND ACCESS
Uniform Resource Identifier https://drive.google.com/file/d/1l0HNzjm2LKqrW-iQvITxlfnK-JLNUJlH/view?usp=sharing
942 ## - ADDED ENTRY ELEMENTS (KOHA)
Koha item type LMA
952 ## - LOCATION AND ITEM INFORMATION (KOHA)
Withdrawn status [LOCAL, KOHA] 0
952 ## - LOCATION AND ITEM INFORMATION (KOHA)
Withdrawn status [LOCAL, KOHA] 0
952 ## - LOCATION AND ITEM INFORMATION (KOHA)
Withdrawn status [LOCAL, KOHA] 0
952 ## - LOCATION AND ITEM INFORMATION (KOHA)
Withdrawn status [LOCAL, KOHA] 0
952 ## - LOCATION AND ITEM INFORMATION (KOHA)
Withdrawn status [LOCAL, KOHA] 0
952 ## - LOCATION AND ITEM INFORMATION (KOHA)
Withdrawn status [LOCAL, KOHA] 0
952 ## - LOCATION AND ITEM INFORMATION (KOHA)
Withdrawn status [LOCAL, KOHA] 0
952 ## - LOCATION AND ITEM INFORMATION (KOHA)
Withdrawn status [LOCAL, KOHA] 0
952 ## - LOCATION AND ITEM INFORMATION (KOHA)
Withdrawn status [LOCAL, KOHA] 0
Holdings
Permanent Location Date acquired Koha item type Lost status Shelving location Barcode Current Location Full call number
Library Block B2016-01-03LMA B302RUA010069Library Block BLMA VON 2010 B302 Or.1
Library Block B2016-01-03LMA B302RUA010280Library Block BLMA VON 2010 B302 Or.2
Library Block B2016-01-03LMA B302RUA018816Library Block BLMA VON 2010 B302 Or.3
Library Block B2016-01-03LMA B302RUA018751Library Block BLMA VON 2010 B302 Or.4
Library Block B2016-01-03LMA B302RUA018886Library Block BLMA VON 2010 B302 Or.5
Library Block B2016-01-03LMA B302RUA018523Library Block BLMA VON 2010 B302 Or.6
Library Block B2016-01-03LMA B302RUA018595Library Block BLMA VON 2010 B302 Or.7
Library Block B2016-01-04LMA B302RUA025843Library Block BLMA VON 2010 B302 Or.8
Library Block B2016-01-04LMA B302RUA025915Library Block BLMA VON 2010 B302 Or.9
មជ្ឈមណ្ឌលឯការនៃសាកលវិទ្យាល័យភូមិន្ទកសិកម្មចំការដូង

Powered by Koha